| 000 | 01073cam a2200325 a 4500 | ||
|---|---|---|---|
| 001 | 17030224 | ||
| 003 | SISC | ||
| 005 | 20161210151851.0 | ||
| 008 | 111101s2013 nyua b 001 0 eng | ||
| 010 | _a 2011045559 | ||
| 020 | _a9780073379272 (alk. paper) | ||
| 020 | _a9781259011993 | ||
| 020 | _a0073379271 (alk. paper) | ||
| 040 |
_aDLC _cDLC _dDLC |
||
| 042 | _apcc | ||
| 050 | 0 | 0 |
_aN 7430 _b.Oc21 2013 |
| 082 | 0 | 0 | _a701/.8 |
| 100 | _aOcvirk, Otto G. | ||
| 245 | 0 | 0 |
_aArt fundamentals : _btheory and practice / _cOtto G. Ocvirk (and 4 others). |
| 250 | _a12th edition. | ||
| 260 |
_aNew York, NY : _bMcGraw-Hill, _c2013. |
||
| 300 |
_ax, 323 pages : _bcolor illustrations ; _c28 cm. |
||
| 500 | _aIncludes bibliographical references and index. | ||
| 650 | 0 |
_aArt _xTechnique. |
|
| 650 | 0 | _aArt. | |
| 700 | 1 | _aOcvirk, Otto G. | |
| 906 |
_a7 _bcbc _corignew _d1 _eecip _f20 _gy-gencatlg |
||
| 942 |
_2lcc _cBK _kFOR |
||
| 999 |
_c305367 _d305367 |
||